02449 a2200205 45000010006000000050017000060080041000230030015000640400040000790800132001192450098002510200022003492640096003713000019004675051598004860410008020841000031020927000021021238560099021444840020260407155748.0260407a2018 arg spa dAR-UNSa-BCEJYS aAR-UNSa-BCEJYSbspacAR-UNSa-BCEJYS a336.11xFinanzas públicas como estudio de la gestión financiera. Teoría, métodos de las finanzas públicas en general 10aLa inclusión financiera para la inserción productiva y el papel de la banca de desarrollo a978-92-1-121998-2 1aSantiago de Chile :bCEPAL (Comisión Económica para América Latina y el Caribe)c2018 a355 p.c22 cm. a1. Hechos estilizados sobre la inclusión financiera en América Latina / Georgina Cipoletta Tomassia; Adriana Matos - 2. La banca de desarrollo y la innovación para la inclusión financiera / Esteban Pérez Caldentey; Daniel Titelman - 3. Inclusión financiera de las pequeñas y medianas empresas en la Argentina / Sergio Woyecheszen, en colaboración con María Delfina Rossi - 4. Inclusión financiera de las micro, pequeñas y medianas empresas en el Brasil / Germano Mendes de Paula; Sávio de Carvallo Arújo; Welber Tomás de Oliveira - 5. Inclusión financiera de las pequeñas y medianas empresas en México: el papel de la banca de desarrollo / Ramón Lecuona V. - 6. Inclusión financiera de las pequeñas y medianas empresas en Colombia / Luis Alberto Zuleta J. - 7. Inclusión financiera de las microempresas y las pequeñas y medianas empresas en el Perú: el caso de la banca de desarrollo / Janina León - 8. Inclusión financiera de las pequeñas y medianas empresas en el Ecuador / Sylvia Neira Burneo - 9. Inclusión financiera de las pequeñas y medianas empresas en Costa Rica / Francisco Sancho Villalobos - 10. Inclusión financiera en América Latina desde una perspectiva regional / Joâo Carlos Ferraz; Luma Ramos - 11. Una caja de herramientas para promover la inclusión financiera / Ramón Lecuona Sylvia Neira Burneo; Luis Alberto Zuleta - 12. Aspectos a considerar en la construcción de un sistema financiero inclusivo para el financiamiento productivo / Esteban Pérez Caldentey; Daniel Titelman; Luis Rodrigo Díaz Pavez. aspa1 aPérez Caldentey, Esteban1 aTitelman, Daniel41uhttps://www.biblioeco.unsa.edu.ar/pmb/images/libros/L127889.jpgyImagen de portadaqimage/jpeg